| 000 | 00612nam a2200181 a 4500 | ||
|---|---|---|---|
| 001 | 1039 | ||
| 003 | CDMR | ||
| 005 | 20131126131211.0 | ||
| 008 | 130130s1966||||||||||||||||||||||||||||d | ||
| 040 |
_aCDMR _bcat _cCDMR |
||
| 100 | 1 |
_aHarris, Tom C. _9820 |
|
| 245 | 1 | 3 |
_aEl periódico de mañana _b: reto y promesa |
| 260 |
_aNew York _c1966 _bCentro Técnico de la Sociedad Interamericana de Prensa |
||
| 300 | _a16 p. | ||
| 500 | _aDiscurs de Tom C. Harris a la Secció de Miami de l'associació de periodistes professionals Sigma Delta Chi, el 16 de març de 1966 | ||
| 650 | 0 | 4 |
_91545 _aPremsa |
| 942 |
_cFULLET _2udc |
||
| 999 |
_c1039 _d1039 |
||